| 000 | 00401nam a22001457a 4500 | ||
|---|---|---|---|
| 999 |
_c7231 _d7229 |
||
| 005 | 20210903124841.0 | ||
| 008 | 200618b xxu||||| |||| 00| 0 eng d | ||
| 082 | _a345.4 AIR | ||
| 110 |
_aALL INDIA REPORTER _96860 |
||
| 245 | _aALL INDIA REPORTER [1991] [VOL-78] SUPREME COURT SECTION | ||
| 260 |
_aMUMBAI _bALL INDIA REPORTER, PVT. LTD. |
||
| 300 | _a2304;p | ||
| 650 |
_aLAW _95701 |
||
| 942 | _cJRL | ||